[Event "DEN-ch Rapid"]
[Site "Hvidovre"]
[Date "2021.11.28"]
[Round "4"]
[White "Ramkilde, Mikael"]
[Black "Kristensen, Kaare Hove"]
[Result "0-1"]
[WhiteElo "1924"]
[BlackElo "2277"]
[PlyCount "116"]
[EventDate "2021.11.28"]
[EventType "swiss (rapid)"]
[EventRounds "7"]
[EventCountry "DEN"]
[SourceTitle "EXT 2025"]
[Source "ChessBase"]
[SourceDate "2024.10.14"]
[SourceVersion "1"]
[SourceVersionDate "2024.10.14"]
[SourceQuality "1"]

1. e4 c5 2. Nf3 Nc6 3. Bb5 Nf6 4. e5 Nd5 5. c4 Nc7 6. Ba4 g6 7. 0-0 Bg7 8. Re1 0-0 9. Nc3 Ne6 10. Bxc6 dxc6 11. Ne4 b6 12. b4 Ba6 13. bxc5 Bxc4 14. cxb6 axb6 15. Qc2 Qd3 16. Qxd3 Bxd3 17. Re3 Rfd8 18. h4 Bc4 19. a3 Nf4 20. Bb2 Nd3 21. Bc3 Rd5 22. e6 f5 23. Neg5 Bxc3 24. dxc3 Rd6 25. h5 Kg7 26. h6+ Kg8 27. Nd2 Ba6 28. Ndf3 c5 29. Nf7 Rd5 30. Rd1 Nf4 31. Rd2 Rxd2 32. Nxd2 Bc8 33. Ng5 Rxa3 34. Nc4 Ra1+ 35. Kh2 Rb1 36. g3 Nd5 37. Rd3 Bb7 38. Ne5 Rb3 39. Nc4 Rxc3 40. Rxc3 Nxc3 41. Nxb6 Ne4 42. Nxe4 Bxe4 43. Kg1 Bb1 44. Nd5 Kf8 45. Nc3 Bc2 46. Kf1 Bb3 47. Ke1 Bxe6 48. Kd2 Kf7 49. f4 Kf6 50. Ke3 g5 51. Na4 c4 52. Nc5 Bf7 53. Nd7+ Ke6 54. Nc5+ Kd5 55. Nd7 gxf4+ 56. gxf4 Kd6 57. Nf8 Bg8 58. Kd4 e6 0-1

[Event "DEN-ch Rapid"]
[Site "Hvidovre"]
[Date "2021.11.28"]
[Round "7"]
[White "Ramkilde, Mikael"]
[Black "Sorensen, Reto Utiger"]
[Result "1-0"]
[WhiteElo "1924"]
[BlackElo "2024"]
[PlyCount "53"]
[EventDate "2021.11.28"]
[EventType "swiss (rapid)"]
[EventRounds "7"]
[EventCountry "DEN"]
[SourceTitle "EXT 2025"]
[Source "ChessBase"]
[SourceDate "2024.10.14"]
[SourceVersion "1"]
[SourceVersionDate "2024.10.14"]
[SourceQuality "1"]

1. e4 e5 2. f4 exf4 3. Nf3 Nf6 4. e5 Nh5 5. Qe2 Be7 6. d4 d6 7. exd6 Qxd6 8. Qb5+ Qc6 9. Qxh5 Qxc2 10. Nc3 0-0 11. Ne5 g6 12. Qf3 Bb4 13. Bc4 Nd7 14. 0-0 Nxe5 15. dxe5 Bf5 16. Bxf4 Qxb2 17. Nd5 Qd4+ 18. Ne3 Bc5 19. Kh1 Be4 20. Qg3 b5 21. Bb3 Rfe8 22. Ng4 Re7 23. Be3 Qb4 24. Bxc5 Bxg2+ 25. Qxg2 Qxc5 26. Bxf7+ Kg7 27. Qxa8 1-0

[Event "Hillerod op"]
[Site "Hillerod"]
[Date "2021.09.21"]
[Round "4"]
[White "Sorensen, Bernhard"]
[Black "Ramkilde, Mikael"]
[Result "0-1"]
[WhiteElo "1691"]
[BlackElo "1858"]
[PlyCount "76"]
[EventDate "2021.09.21"]
[EventType "swiss (rapid)"]
[EventRounds "7"]
[EventCountry "DEN"]
[SourceTitle "EXT 2025"]
[Source "ChessBase"]
[SourceDate "2024.10.14"]
[SourceVersion "1"]
[SourceVersionDate "2024.10.14"]
[SourceQuality "1"]

1. d4 e6 2. Bf4 c5 3. c3 Nf6 4. e3 Qb6 5. Qb3 Qxb3 6. axb3 Nc6 7. Nf3 b6 8. Nbd2 Bb7 9. Bd3 Nh5 10. Bg5 h6 11. Bh4 g5 12. Bg3 Nxg3 13. hxg3 cxd4 14. exd4 Bg7 15. g4 d5 16. Bb5 a6 17. Bd3 Ke7 18. Ke2 Rhd8 19. Rhe1 Kf8 20. Kf1 Kg8 21. Re2 a5 22. Rae1 Ba6 23. Bxa6 Rxa6 24. g3 b5 25. Ne5 b4 26. f4 bxc3 27. bxc3 Rc8 28. Re3 Ra7 29. Ra1 Rac7 30. Nd3 Kf8 31. Nc5 Nxd4 32. cxd4 Bxd4 33. Nxe6+ fxe6 34. Rxe6 Bxa1 35. Rxh6 Rc1+ 36. Ke2 Rg1 37. Rg6 Rg2+ 38. Kd1 Bb2 0-1

[Event "Helsingor Xtracon op"]
[Site "Helsingor"]
[Date "2018.07.23"]
[Round "4"]
[White "Ramkilde, Mikael"]
[Black "Poulsen, Knud"]
[Result "1-0"]
[WhiteElo "1971"]
[BlackElo "1760"]
[PlyCount "81"]
[EventDate "2018.07.21"]
[EventType "swiss"]
[EventRounds "10"]
[EventCountry "DEN"]
[SourceTitle "CBM 185 Extra"]
[Source "ChessBase"]
[SourceDate "2018.07.29"]
[SourceVersion "1"]
[SourceVersionDate "2018.07.29"]
[SourceQuality "1"]

1. e4 d5 2. exd5 Nf6 3. d4 Bg4 4. f3 Bf5 5. g4 Bg6 6. Bb5+ c6 7. dxc6 Nxc6 8. c4 e6 9. Qa4 Qc7 10. Ne2 Bd6 11. c5 Be7 12. Bf4 Qd7 13. Nbc3 0-0 14. h4 h5 15. g5 Nd5 16. Rd1 Rfe8 17. a3 a6 18. Bd3 Bf5 19. Bxf5 exf5 20. 0-0 Nxf4 21. Nxf4 g6 22. Qc4 Kg7 23. b4 Bd8 24. d5 Ne5 25. Qd4 Kg8 26. Kg2 f6 27. Ne6 Qf7 28. Nxd8 Raxd8 29. Rfe1 Qg7 30. a4 fxg5 31. hxg5 Re7 32. d6 Ree8 33. b5 h4 34. f4 h3+ 35. Kg3 h2 36. Rxe5 Qh7 37. Nd5 Kf7 38. Nf6 Qh8 39. Rh1 Re6 40. Rxh2 Qg7 41. Rh7 1-0